| 000 | 00383nam a2200109Ia 4500 | ||
|---|---|---|---|
| 008 | 171211s9999 xx 000 0 und d | ||
| 245 | _aSolidWorks 2015 Learn by doing – Part 3 | ||
| 245 | _cSolidWorks 2015 Learn by doing – Part 3 | ||
| 260 | _c2015 | ||
| 650 | _xDrawing | ||
| 856 | _uhttp://down.ebook777.com/001/SolidWorks%202015%20Learn%20by%20doing-%20-%20Tutorial%20Books.pdf | ||
| 999 |
_c348054 _d348054 |
||